000 00945cab a2200301 4500
001 ABS58978
008 090401t1998 xxu||||| |||| 00| 0 eng d
035 _a(Sirsi) u87842
041 _aeng
245 _aEgan`s bottom line
260 _c1998
350 _a0
490 _aNew Civil Engineer
_v(1274) 23 July 1998, 12-13(2)
520 _aSummarises the contents of the report "Rethinking Construction" by Sir John Egan`s government sponsored Construction Task Force. Includes comments from construction industry representatives.
650 _aCONSTRUCTION INDUSTRY
650 _aCONTRACTUAL RELATIONSHIPS
650 _aDEMONSTRATION PROJECTS
650 _aDESIGN
650 _aEFFICIENCY
650 _aKNOWLEDGE CENTRE
650 _aPERFORMANCE TARGETS
650 _aPRODUCTIVITY
650 _aCAREERS, EDUCATION AND TRAINING
650 _aWELFARE
690 _aBUILT ENVIRONMENT
942 _n0
948 _c05/08/1998
999 _c55441
_d55441